| 000 | 00429cam a2200169ua 4500 | ||
|---|---|---|---|
| 020 | _c4.00 | ||
| 041 |
_aeng _h |
||
| 082 |
_a320.58 _bPAT/ED |
||
| 100 | _aPatel, M.S . | ||
| 245 |
_aEducational philosophy of Mahatma Gandhi / _cM.S.Patel. _hTextual Documents |
||
| 260 |
_aAhmadabad : _bNavajivan publishing house , _c1958. |
||
| 300 | _a282 ; . | ||
| 365 | _a4.00 | ||
| 504 | _a | ||
| 942 | _cBK | ||
| 999 |
_c1005 _d1005 |
||